[Event "Reykjavik Open 2025"]
[Site "Reykjavik, Iceland"]
[Date "2025.04.14"]
[Round "8.32"]
[White "Kavutskiy, Kostya"]
[Black "Sokolovsky, Yahli"]
[Result "1/2-1/2"]
[WhiteElo "2351"]
[WhiteTitle "IM"]
[WhiteFideId "2026384"]
[BlackElo "2546"]
[BlackTitle "GM"]
[BlackFideId "2820242"]
[TimeControl "90+30 +30 after 40 moves"]
[Variant "Standard"]
[StudyName "Round 8"]
1. e4 { [%clk 1:30:40] } 1... c5 { [%clk 1:30:54] } 2. Nf3 { [%clk 1:30:53] } 2... d6 { [%clk 1:31:17] } 3. d4 { [%clk 1:31:14] } 3... cxd4 { [%clk 1:31:42] } 4. Nxd4 { [%clk 1:31:35] } 4... Nf6 { [%clk 1:32:08] } 5. Nc3 { [%clk 1:31:42] } 5... a6 { [%clk 1:32:32] } 6. Bg5 { [%clk 1:31:37] } 6... Nbd7 { [%clk 1:32:21] } 7. Bc4 { [%clk 1:31:40] } 7... Qb6 { [%clk 1:32:39] } 8. Bb3 { [%clk 1:31:53] } 8... e6 { [%clk 1:32:51] } 9. f3 { [%clk 1:31:51] } 9... Be7 { [%clk 1:32:31] } 10. Be3 { [%clk 1:31:41] } 10... Nc5 { [%clk 1:32:44] } 11. g4 { [%clk 1:31:21] } 11... Qc7 { [%clk 1:29:49] } 12. Qd2 { [%clk 1:29:48] } 12... b5 { [%clk 1:29:59] } 13. a3 { [%clk 1:27:43] } 13... Bd7 { [%clk 1:27:40] } 14. Ba2 { [%clk 1:25:25] } 14... Rb8 { [%clk 1:17:33] } 15. b4 { [%clk 1:10:38] } 15... Nb7 { [%clk 1:16:57] } 16. g5 { [%clk 1:10:21] } 16... Nh5 { [%clk 1:16:54] } 17. Nce2 { [%clk 1:04:42] } 17... a5 { [%clk 1:05:36] } 18. Ng3 { [%clk 0:52:16] } 18... Nxg3 { [%clk 1:05:47] } 19. hxg3 { [%clk 0:52:40] } 19... d5 { [%clk 0:44:27] } 20. exd5 { [%clk 0:46:07] } 20... Qxg3+ { [%clk 0:35:20] } 21. Ke2 { [%clk 0:39:57] } 21... exd5 { [%clk 0:33:50] } 22. Bf4 { [%clk 0:37:56] } 22... Qg2+ { [%clk 0:34:09] } 23. Ke3 { [%clk 0:36:24] } 23... Qxd2+ { [%clk 0:34:12] } 24. Kxd2 { [%clk 0:36:52] } 24... Bd6 { [%clk 0:29:08] } 25. Rae1+ { [%clk 0:33:25] } 25... Kd8 { [%clk 0:29:15] } 26. Bxd6 { [%clk 0:33:41] } 26... Nxd6 { [%clk 0:29:43] } 27. Bxd5 { [%clk 0:33:00] } 27... Rc8 { [%clk 0:25:19] } 28. c3 { [%clk 0:31:30] } 28... Rc7 { [%clk 0:18:02] } 29. Rh4 { [%clk 0:20:42] } 29... Ra7 { [%clk 0:16:45] } 30. Reh1 { [%clk 0:15:32] } 30... Re8 { [%clk 0:16:04] } 31. Re1 { [%clk 0:15:09] } 31... Rh8 { [%clk 0:12:07] } 32. Reh1 { [%clk 0:14:33] } 32... Re8 { [%clk 0:11:20] } 33. Re1 { [%clk 0:09:08] } 1/2-1/2

[Event "Reykjavik Open 2025"]
[Site "Reykjavik, Iceland"]
[Date "2025.04.14"]
[Round "8.33"]
[White "Kunin, Vitaly"]
[Black "Petersen, Marcel"]
[Result "1/2-1/2"]
[WhiteElo "2522"]
[WhiteTitle "GM"]
[WhiteFideId "4128737"]
[BlackElo "2185"]
[BlackFideId "12935670"]
[TimeControl "90+30 +30 after 40 moves"]
[Variant "Standard"]
[StudyName "Round 8"]
1. g3 { [%clk 1:30:54] } 1... e5 { [%clk 1:30:22] } 2. c4 { [%clk 1:31:11] } 2... Nf6 { [%clk 1:29:58] } 3. Bg2 { [%clk 1:31:23] } 3... c6 { [%clk 1:28:09] } 4. d4 { [%clk 1:31:21] } 4... exd4 { [%clk 1:26:14] } 5. Qxd4 { [%clk 1:31:09] } 5... d5 { [%clk 1:25:57] } 6. cxd5 { [%clk 1:25:41] } 6... cxd5 { [%clk 1:26:01] } 7. Nf3 { [%clk 1:25:54] } 7... Nc6 { [%clk 1:25:20] } 8. Qa4 { [%clk 1:25:33] } 8... Bc5 { [%clk 1:22:17] } 9. O-O { [%clk 1:25:34] } 9... Qb6 { [%clk 1:20:16] } 10. Ne5 { [%clk 1:20:55] } 10... O-O { [%clk 1:18:25] } 11. Nd3 { [%clk 1:19:01] } 11... Be7 { [%clk 1:16:51] } 12. Bg5 { [%clk 1:14:45] } 12... Bf5 { [%clk 1:08:29] } 13. Nc3 { [%clk 1:05:33] } 13... Bxd3 { [%clk 1:03:36] } 14. exd3 { [%clk 1:05:29] } 14... Qxb2 { [%clk 1:03:52] } 15. Rfc1 { [%clk 1:02:26] } 15... Qb4 { [%clk 1:01:20] } 16. Rab1 { [%clk 0:59:04] } 16... Qxa4 { [%clk 0:54:52] } 17. Nxa4 { [%clk 0:59:22] } 17... Na5 { [%clk 0:54:37] } 18. Bxf6 { [%clk 0:50:34] } 18... Bxf6 { [%clk 0:54:58] } 19. Bxd5 { [%clk 0:50:55] } 19... Rac8 { [%clk 0:45:47] } 20. Rxc8 { [%clk 0:48:54] } 20... Rxc8 { [%clk 0:46:12] } 21. Bxb7 { [%clk 0:48:43] } 21... Nxb7 { [%clk 0:45:28] } 22. Rxb7 { [%clk 0:49:01] } 22... g6 { [%clk 0:44:42] } 23. Rxa7 { [%clk 0:48:01] } 23... Rc2 { [%clk 0:42:55] } 24. Rd7 { [%clk 0:47:16] } 24... Rxa2 { [%clk 0:43:12] } 25. Nb6 { [%clk 0:46:07] } 25... Kf8 { [%clk 0:38:26] } 26. Nc4 { [%clk 0:45:39] } 26... h5 { [%clk 0:37:46] } 27. h3 { [%clk 0:43:05] } 27... Rc2 { [%clk 0:36:41] } 28. Kg2 { [%clk 0:40:56] } 28... Ke8 { [%clk 0:35:36] } 29. Rc7 { [%clk 0:39:14] } 29... Kf8 { [%clk 0:35:45] } 30. Rd7 { [%clk 0:38:12] } 30... Ke8 { [%clk 0:36:06] } 31. Rb7 { [%clk 0:38:10] } 31... Kf8 { [%clk 0:34:46] } 32. Ne3 { [%clk 0:35:09] } 32... Rd2 { [%clk 0:33:55] } 33. Rd7 { [%clk 0:35:19] } 33... Ke8 { [%clk 0:33:50] } 34. Rd5 { [%clk 0:35:40] } 34... Ke7 { [%clk 0:33:04] } 35. Nc4 { [%clk 0:35:46] } 35... Rc2 { [%clk 0:28:50] } 36. Kf3 { [%clk 0:33:39] } 36... Ke6 { [%clk 0:28:09] } 37. Rd6+ { [%clk 0:33:57] } 37... Ke7 { [%clk 0:28:22] } 38. Rd5 { [%clk 0:31:02] } 38... Ke6 { [%clk 0:28:38] } 39. Rd6+ { [%clk 0:30:38] } 39... Ke7 { [%clk 0:28:44] } 40. Ra6 { [%clk 0:30:46] } 40... Bd4 { [%clk 0:24:30] } 41. Ne3 { [%clk 0:31:02] } 41... Rd2 { [%clk 0:23:11] } 42. Ke4 { [%clk 0:27:59] } 42... Bxe3 { [%clk 0:23:21] } 43. Kxe3 { [%clk 0:22:44] } 43... Rb2 { [%clk 0:22:48] } 44. h4 { [%clk 0:22:52] } 44... Rc2 { [%clk 0:20:48] } 45. Rb6 { [%clk 0:21:35] } 45... Ra2 { [%clk 0:21:06] } 46. Rb3 { [%clk 0:21:20] } 46... Ke6 { [%clk 0:20:47] } 47. Rb4 { [%clk 0:20:57] } 47... Rc2 { [%clk 0:20:28] } 48. Re4+ { [%clk 0:21:17] } 48... Kd6 { [%clk 0:20:08] } 49. Rc4 { [%clk 0:13:31] } 49... Ra2 { [%clk 0:20:23] } 50. Rc1 { [%clk 0:13:39] } 50... Rb2 { [%clk 0:19:14] } 51. Rd1 { [%clk 0:13:41] } 51... Kd5 { [%clk 0:18:50] } 52. Rd2 { [%clk 0:13:58] } 52... Rb7 { [%clk 0:17:38] } 53. Ra2 { [%clk 0:12:47] } 53... Re7+ { [%clk 0:17:26] } 54. Kf4 { [%clk 0:13:02] } 54... Kd4 { [%clk 0:10:08] } 55. Kg5 { [%clk 0:12:47] } 55... Re5+ { [%clk 0:09:27] } 56. Kh6 { [%clk 0:05:19] } 56... Rf5 { [%clk 0:08:19] } 57. Kg7 { [%clk 0:18:43] } 57... Kxd3 { [%clk 0:38:40] } 58. Ra7 { [%clk 0:18:43] } 58... Ke2 { [%clk 0:38:24] } 59. Rxf7 { [%clk 0:17:24] } 59... Kxf2 { [%clk 0:38:35] } 60. Rxf5+ { [%clk 0:17:00] } 60... gxf5 { [%clk 0:39:00] } 61. Kg6 { [%clk 0:17:16] } 61... Kxg3 { [%clk 0:39:22] } 62. Kxf5 { [%clk 0:17:40] } 62... Kxh4 { [%clk 0:39:45] } 63. Kf4 { [%clk 0:18:05] } 1/2-1/2

[Event "Reykjavik Open 2025"]
[Site "Reykjavik"]
[Date "2025.04.14"]
[Round "8.45"]
[White "Clyde, Jordan"]
[Black "Bjornsson, Sigurbjorn"]
[Result "1/2-1/2"]
[WhiteElo "2095"]
[WhiteFideId "2616653"]
[BlackElo "2303"]
[BlackFideId "2300974"]
[Variant "Standard"]
[StudyName "ROpen 2025 - Rd8 - Board 45-108"]
1. Nf3 Nf6 2. b3 g6 3. Bb2 Bg7 4. g3 O-O 5. Bg2 d6 6. O-O e5 7. c4 Nc6 8. c5 Re8 9. cxd6 cxd6 10. d3 d5 11. Ne1 Be6 12. e3 Qd7 13. Nd2 Rac8 14. b4 Bg4 15. f3 Bh3 16. b5 Na5 17. Bxh3 Qxh3 18. Nb3 Nxb3 19. Qxb3 d4 20. e4 Bh6 21. Ng2 Rc5 22. Rf2 Rec8 23. Raf1 b6 24. Re2 Nh5 25. a4 Bf8 26. Qd1 Bh6 27. Qb3 Nxg3 28. hxg3 Qxg3 29. Kh1 Qh3+ 30. Kg1 1/2-1/2

[Event "Reykjavik Open 2025"]
[Site "Reykjavik"]
[Date "2025.04.14"]
[Round "8.46"]
[White "Patel, Zain"]
[Black "Pisk, Petr"]
[Result "0-1"]
[WhiteElo "2079"]
[WhiteFideId "469246"]
[BlackElo "2302"]
[BlackFideId "304689"]
[Variant "Standard"]
[StudyName "ROpen 2025 - Rd8 - Board 45-108"]
1. Nf3 d6 2. d4 Bg4 3. c4 Bxf3 4. exf3 Nd7 5. Nc3 g6 6. h4 h5 7. Be3 Bg7 8. Qd2 c5 9. O-O-O Nh6 10. dxc5 Nxc5 11. Ne4 Nxe4 12. fxe4 Ng4 13. Kb1 Nxe3 14. Qxe3 Qc7 15. Be2 Qc5 16. Rd3 Qxe3 17. Rxe3 Bd4 18. Rb3 b6 19. f4 e5 20. fxe5 Bxe5 21. Rf1 Ke7 22. a4 Rab8 23. Kc2 Rhc8 24. Ra3 a5 25. Rff3 Rc6 26. Rab3 Rg8 27. g3 Rgc8 28. Rb5 Rg8 29. Rbb3 f6 30. Rf1 Rgc8 31. Rff3 Ke6 32. Rf1 Rxc4+ 33. Bxc4+ Rxc4+ 34. Kd3 Rxa4 35. Rf3 Bd4 36. g4 hxg4 37. Rf4 g3 38. Rg4 Bf2 39. Rxg6 Rd4+ 40. Kc2 Rxe4 41. Rf3 Bd4 42. Rgxg3 Rxh4 43. b3 Be5 44. Rg7 d5 45. Rb7 Rb4 46. Rh3 d4 47. Rh8 Rb5 48. Rc8 Kd5 49. Rh8 Kc6 50. Rf7 Rc5+ 51. Kd2 Kb5 52. Rh3 Kb4 53. Rf3 b5 54. Rh3 Bf4+ 55. Ke2 Be5 56. Kd2 Rc8 57. Rg7 Bf4+ 58. Ke2 Rc3 59. Rxc3 dxc3 60. Rg4 c2 61. Rxf4+ Kxb3 62. Kd2 Kb2 63. Rf1 b4 0-1

[Event "Reykjavik Open 2025"]
[Site "Reykjavik"]
[Date "2025.04.14"]
[Round "8.47"]
[White "Boissonnier, Kimo"]
[Black "Bhagat, Kush"]
[Result "1-0"]
[WhiteElo "2019"]
[WhiteFideId "611026"]
[BlackElo "2301"]
[BlackFideId "46672940"]
[Variant "Standard"]
[StudyName "ROpen 2025 - Rd8 - Board 45-108"]
1. d4 Nf6 2. Nc3 d5 3. Bf4 g6 4. e3 Bg7 5. h4 h5 6. Nf3 O-O 7. Qd2 c6 8. Ne5 b5 9. f3 b4 10. Na4 a5 11. Nc5 Qb6 12. g4 hxg4 13. Bd3 gxf3 14. h5 Ng4 15. Nxg4 Bxg4 16. hxg6 fxg6 17. Qh2 f2+ 18. Kd2 Bh5 19. Qg3 Rxf4 20. Qxf4 e5 21. Qxf2 exd4 22. exd4 Bh6+ 23. Ke1 Ra7 24. Qg3 Re7+ 25. Kf2 Rf7+ 26. Kg1 Rf3 27. Qxf3 Bxf3 28. Rxh6 Bh5 29. Bxg6 Kg7 30. Rxh5 Kxg6 31. Rh2 Na6 32. Rg2+ Kf7 33. Rf1+ Ke7 34. Re2+ Kd6 35. Re6+ Kc7 36. Re7+ Kd8 37. Rd7+ 1-0

[Event "Reykjavik Open 2025"]
[Site "Reykjavik"]
[Date "2025.04.14"]
[Round "8.48"]
[White "Tripathi, Pratyush"]
[Black "Llari, Marc"]
[Result "0-1"]
[WhiteElo "2011"]
[WhiteFideId "1763121"]
[BlackElo "2299"]
[BlackFideId "651044269"]
[Variant "Standard"]
[StudyName "ROpen 2025 - Rd8 - Board 45-108"]
1. d4 Nf6 2. Nf3 e6 3. c4 d5 4. g3 Nc6 5. Nbd2 Bd6 6. Bg2 O-O 7. O-O a5 8. a3 Ne4 9. Qc2 f5 10. b3 Qe8 11. Bb2 b6 12. Rac1 Nd8 13. Ne5 Bb7 14. Ndf3 Qe7 15. a4 Rc8 16. Qb1 Nf7 17. Rfd1 Nxe5 18. dxe5 Bc5 19. e3 dxc4 20. bxc4 Rcd8 21. Nd4 Ba8 22. Qc2 Rd7 23. Ne2 Ng5 24. Bxa8 Rxa8 25. Kg2 Rad8 26. Nd4 Qe8 27. f4 Ne4 28. Rd3 Bb4 29. Rdd1 c5 30. Nf3 Nd2 31. Bc3 Bxc3 32. Qxc3 Nxf3 33. Rxd7 Rxd7 34. Kxf3 Qh5+ 35. Kg2 Qe2+ 36. Kg1 Rd2 0-1

[Event "Reykjavik Open 2025"]
[Site "Reykjavik"]
[Date "2025.04.14"]
[Round "8.49"]
[White "Tinkler, Paul"]
[Black "Golis, Wiktor"]
[Result "0-1"]
[WhiteElo "1894"]
[WhiteFideId "30961289"]
[BlackElo "2293"]
[BlackFideId "21055874"]
[Variant "Standard"]
[StudyName "ROpen 2025 - Rd8 - Board 45-108"]
1. e4 c6 2. Bc4 d5 3. exd5 cxd5 4. Bb5+ Nc6 5. Nf3 Nf6 6. d4 Qa5+ 7. Nc3 Ne4 8. Bd2 Nxc3 9. Bxc6+ bxc6 10. Bxc3 Qb6 11. O-O Bg4 12. Qd3 e6 13. Rfe1 Be7 14. Ne5 Bf5 15. Qd2 a5 16. a4 Ra7 17. g4 Bg6 18. Re2 O-O 19. Kg2 c5 20. Nxg6 hxg6 21. Rb1 Rc8 22. h3 Rc6 23. Ra1 Bf6 24. f3 Qa6 25. Rae1 cxd4 26. Bxd4 Bxd4 27. Qxd4 Rc4 28. Qd3 Rxa4 29. Qxa6 Rxa6 30. Rd2 Rc6 31. Ree2 Ra2 32. b3 g5 33. Kf2 Rc3 34. Kg3 Kf8 35. Kf2 Ke7 36. Kg3 Kd6 37. Kg2 e5 38. Kf2 f6 39. Kg2 d4 40. Kf2 Kc5 41. Kg2 Ra1 42. Kg3 Rg1+ 43. Kf2 Rc1 44. Kg3 Rf1 45. Rf2 Rxf2 46. Kxf2 Kb4 0-1

[Event "Reykjavik Open 2025"]
[Site "Reykjavik"]
[Date "2025.04.14"]
[Round "8.50"]
[White "Xu, Yuanyuan"]
[Black "Jonsson, Gauti Pall"]
[Result "1-0"]
[WhiteElo "2288"]
[WhiteTitle "WGM"]
[WhiteFideId "8601089"]
[BlackElo "2122"]
[BlackFideId "2309092"]
[Variant "Standard"]
[StudyName "ROpen 2025 - Rd8 - Board 45-108"]
1. d4 e6 2. Nf3 f5 3. d5 exd5 4. Qxd5 d6 5. Nc3 Nf6 6. Qb3 Na6 7. Be3 c6 8. O-O-O Qe7 9. Bd4 Be6 10. Qa4 Nc7 11. Bxf6 Qxf6 12. e4 fxe4 13. Nxe4 Qf4+ 14. Nfd2 Be7 15. g3 Qf7 16. Nc4 O-O 17. Ncxd6 Bxd6 18. Nxd6 Qxf2 19. Bc4 Bxc4 20. Qxc4+ Nd5 21. Kb1 Qf6 22. Nxb7 Kh8 23. Rhf1 Qe7 24. Rxf8+ Rxf8 25. Qxc6 Ne3 26. Rc1 Rb8 27. Nc5 Nc4 28. Nb3 Qe2 29. Qc7 Re8 30. a3 h6 31. h4 a5 32. Nxa5 Nd2+ 33. Ka2 Qe6+ 34. c4 Qe3 35. Qf4 Qd3 36. h5 Re2 37. g4 Ne4 38. Qf8+ Kh7 39. Qf5+ Kh8 40. Qf8+ Kh7 41. Qb4 Qe3 42. Nb3 Qf2 43. Na1 Qe3 44. Rc2 Re1 45. Nb3 Rd1 46. c5 Nf2 47. c6 Nd3 48. Qc3 Qe6 49. c7 Qc8 50. Rd2 Nc1+ 51. Nxc1 1-0

[Event "Reykjavik Open 2025"]
[Site "Reykjavik"]
[Date "2025.04.14"]
[Round "8.51"]
[White "Le Goff, Ronan"]
[Black "Briem, Gudrun Fanney"]
[Result "1/2-1/2"]
[WhiteElo "2282"]
[WhiteFideId "612073"]
[BlackElo "1863"]
[BlackFideId "2317486"]
[Variant "Standard"]
[StudyName "ROpen 2025 - Rd8 - Board 45-108"]
1. Nf3 d5 2. g3 Nf6 3. Bg2 Bf5 4. c4 c6 5. Qb3 Qb6 6. d3 Qxb3 7. axb3 e6 8. Nh4 Bg6 9. Nxg6 hxg6 10. e3 Na6 11. Ke2 Nc5 12. Nd2 Be7 13. h4 O-O 14. d4 Ncd7 15. Nf3 Ne4 16. Bd2 Nxd2 17. Kxd2 Rfd8 18. Ke2 a6 19. g4 Rac8 20. Rac1 Bf8 21. g5 Bd6 22. Rhd1 Bb8 23. Nd2 Kf8 24. Rc2 Ke7 25. Rdc1 Nb6 26. Nf3 Re8 27. Rh1 Rh8 28. Ne1 Rcd8 29. f4 Nc8 30. Kf3 Nd6 31. Bf1 Nf5 32. Rch2 Rh5 33. Bd3 Rdh8 34. Bxf5 gxf5 35. Nd3 Bd6 36. Nc1 g6 37. Ne2 Bb4 38. Ng3 R5h7 39. h5 gxh5 40. Rh4 Bd6 41. Ke2 Kf8 42. Rxh5 Rxh5 43. Nxh5 Be7 44. Kf3 Bb4 45. c5 Ke7 46. Ke2 Kf8 47. Kd3 Ke7 48. Ke2 Kf8 49. Ng3 Rxh1 50. Nxh1 Kg7 51. Nf2 Ba5 52. Nd3 Bc7 53. Kf3 f6 54. gxf6+ Kxf6 55. Kg3 Kg6 56. b4 Kh5 57. Kh3 Kg6 58. Ne1 Bd8 59. Nf3 Kf6 60. Nd2 Be7 61. Kg3 Kg6 62. Kf3 Kh5 63. Nb3 Bd8 64. Kg3 Kg6 65. Kh3 Kh5 66. Kg3 1/2-1/2

[Event "Reykjavik Open 2025"]
[Site "Reykjavik"]
[Date "2025.04.14"]
[Round "8.52"]
[White "Fantinel, Thibault"]
[Black "De Mey, Juan Pablo"]
[Result "1-0"]
[WhiteElo "2411"]
[WhiteTitle "IM"]
[WhiteFideId "663395"]
[BlackElo "2030"]
[BlackTitle "FM"]
[BlackFideId "15900312"]
[Variant "Standard"]
[StudyName "ROpen 2025 - Rd8 - Board 45-108"]
1. c4 e5 2. g3 c6 3. d4 e4 4. Nc3 d5 5. Nh3 dxc4 6. Nxe4 Qd5 7. f3 Qh5 8. Nf4 Qa5+ 9. Qd2 Qd8 10. e3 f5 11. Nc3 g5 12. Ng2 Be6 13. e4 Bd6 14. Kf2 fxe4 15. Qxg5 Ne7 16. Nf4 Ng6 17. Nxe6 Bxg3+ 18. Kxg3 Qxg5+ 19. Bxg5 1-0

[Event "Reykjavik Open 2025"]
[Site "Reykjavik"]
[Date "2025.04.14"]
[Round "8.53"]
[White "Allard, Thomas"]
[Black "Birkisson, Bardur Orn"]
[Result "1-0"]
[WhiteElo "2053"]
[WhiteFideId "676160"]
[BlackElo "2342"]
[BlackFideId "2310597"]
[Variant "Standard"]
[StudyName "ROpen 2025 - Rd8 - Board 45-108"]
1. e4 c6 2. d4 d5 3. e5 Bf5 4. h4 h5 5. Bd3 Bxd3 6. Qxd3 Qa5+ 7. Nd2 e6 8. Nf3 Nh6 9. O-O Nf5 10. Nb3 Qa6 11. Qd1 b6 12. Bg5 c5 13. c3 Nc6 14. a4 cxd4 15. Nbxd4 Nfxd4 16. Nxd4 Nxd4 17. Qxd4 Qc4 18. Qd1 Be7 19. Bxe7 Kxe7 20. a5 b5 21. g3 Rac8 22. Qd2 Qc7 23. Rfe1 Kf8 24. a6 g6 25. Qf4 Qe7 26. Red1 Kg7 27. Ra5 Rc4 28. Rd4 Rb8 29. Qe3 Rb6 30. b3 Rcc6 31. Rb4 Rc5 32. c4 dxc4 33. bxc4 Rxc4 34. Rbxb5 Rcc6 35. Rxb6 Rxb6 36. Ra4 Qd7 37. Ra1 Rc6 38. Qf3 Qc7 39. Qf6+ Kg8 40. Kh2 Rc1 41. Rxc1 Qxc1 42. Qe7 Qc3 43. Qxa7 Qf3 44. Qe3 Qa8 45. a7 Kg7 46. Kg1 Qb7 47. Qa3 Qa8 48. Qa6 Kh7 49. Qb6 Qe4 50. Qb8 Qe1+ 51. Kg2 Qe4+ 52. Kh2 Qf3 53. a8=Q 1-0

[Event "Reykjavik Open 2025"]
[Site "Reykjavik"]
[Date "2025.04.14"]
[Round "8.54"]
[White "Cigan, Jason"]
[Black "Muetsch, Annmarie"]
[Result "1/2-1/2"]
[WhiteElo "2044"]
[WhiteFideId "2064022"]
[BlackElo "2329"]
[BlackFideId "12971367"]
[Variant "Standard"]
[StudyName "ROpen 2025 - Rd8 - Board 45-108"]
1. d4 Nf6 2. c4 e6 3. Nf3 Bb4+ 4. Nbd2 O-O 5. a3 Be7 6. e4 d6 7. Be2 c5 8. d5 exd5 9. exd5 b5 10. b3 bxc4 11. bxc4 Bf5 12. O-O h6 13. Ne1 Qa5 14. Bb2 Nbd7 15. Bd3 Bxd3 16. Nxd3 Rfe8 17. Qc2 Bf8 18. Rfe1 g6 19. h3 Bg7 20. f4 Rxe1+ 21. Rxe1 Re8 22. Rxe8+ Nxe8 23. Bxg7 Nxg7 24. Qb2 f5 25. Kh2 Ne8 26. Qb7 Qxd2 (26... Nef6 27. Nf3 Qc3 28. Nde5 dxe5 29. fxe5 Qxc4 30. exf6 Qf4+ 31. g3 Qxf3 32. Qxd7 Qf2+ 33. Kh1 Qf1+ 34. Kh2 Qf2+ 35. Kh1 Qe1+ 36. Kh2 Qd2+ 37. Kh1 Qd1+) 1/2-1/2

[Event "Reykjavik Open 2025"]
[Site "Reykjavik"]
[Date "2025.04.14"]
[Round "8.55"]
[White "Ronka, Erik"]
[Black "Schwarz, David"]
[Result "0-1"]
[WhiteElo "2295"]
[WhiteFideId "505080"]
[BlackElo "2028"]
[BlackFideId "16287614"]
[Variant "Standard"]
[StudyName "ROpen 2025 - Rd8 - Board 45-108"]
1. e4 c6 2. d4 d5 3. e5 c5 4. Nf3 cxd4 5. Nxd4 Nc6 6. Nxc6 bxc6 7. Bd3 e6 8. O-O Ne7 9. Nd2 Ng6 10. Nf3 Be7 11. Re1 Qb6 12. Qe2 a5 13. g3 Ba6 14. h4 Bb4 15. c3 Bxd3 16. Qxd3 Bc5 17. Re2 Qb5 18. Qc2 a4 19. h5 Ne7 20. Bf4 O-O 21. h6 g6 22. Rae1 Rfd8 23. Nd4 Qb6 24. Qd2 Nc8 25. Bg5 Re8 26. Be3 Qb7 27. Nf3 Bf8 28. Qd4 c5 29. Qf4 Nb6 30. Nh2 Nc4 31. Ng4 Red8 32. Nf6+ Kh8 33. Bc1 Rab8 34. Rd1 Qc7 35. Kh2 Rd7 36. Rd3 Rdd8 37. Rf3 Qe7 38. Qh4 Nxb2 39. Bg5 Qc7 40. Ng4 Nc4 41. Bf6+ Kg8 42. Bg7 Be7 43. Qf6 Rf8 44. Qf4 a3 45. Bxf8 Bxf8 46. Nf6+ Kh8 47. Ne8 Qd7 48. Nd6 Nxd6 49. exd6 c4 50. Rfe3 Qxd6 51. Qh4 Qe7 52. Qf4 Kg8 53. Kg2 g5 54. Qd4 Qd8 55. f4 Bxh6 56. f5 Bg7 57. Qc5 Bf8 58. Qc6 Rb6 59. Qa4 d4 60. cxd4 Qd5+ 61. Kh2 Rb1 62. Re1 Rb2+ 63. R3e2 c3 64. fxe6 Qxe6 65. Rxb2 Qh6+ 66. Kg1 cxb2 67. Qb5 g4 68. Rf1 Qe3+ 69. Kg2 Qd2+ 70. Kh1 Qxd4 71. Qf5 Qg7 72. Kg2 Qg6 73. Qb5 Qh6 74. Kg1 Qe3+ 75. Kg2 h6 76. Qc4 Qe6 77. Qf4 Bc5 78. Qd4 Qe2+ 79. Rf2 Qxf2+ 80. Kxf2 b1=Q 81. Qxc5 Qxa2+ 82. Kg1 Qb1+ 83. Kh2 Qb2+ 84. Kh1 a2 85. Qc8+ Kg7 0-1

[Event "Reykjavik Open 2025"]
[Site "Reykjavik"]
[Date "2025.04.14"]
[Round "8.56"]
[White "Kingsley, Elias"]
[Black "Colas, Joshua"]
[Result "0-1"]
[WhiteElo "2033"]
[WhiteFideId "1775006"]
[BlackElo "2275"]
[BlackFideId "2044447"]
[Variant "Standard"]
[StudyName "ROpen 2025 - Rd8 - Board 45-108"]
1. d4 e6 2. c4 d5 3. Nf3 Nf6 4. Nc3 a6 5. cxd5 exd5 6. Bg5 c6 7. e3 Bd6 8. Bd3 Be6 9. O-O Nbd7 10. Bf4 Qc7 11. Bxd6 Qxd6 12. h3 O-O 13. Qc2 h6 14. Rab1 a5 15. a3 Rfc8 16. Rfd1 b5 17. Ne2 Nh5 18. g4 Nhf6 19. Ng3 b4 20. axb4 axb4 21. Nh4 c5 22. Nhf5 Qf8 23. dxc5 Nxc5 24. Qe2 Ra2 25. Nd4 Na4 26. Rd2 Nc5 27. Bc2 Bd7 28. Bb3 Raa8 29. Rdd1 Nxb3 30. Nxb3 Ba4 31. Qd3 Ne4 32. Qxd5 Nxg3 33. fxg3 Rd8 34. Qc4 Rac8 35. Rxd8 Qxd8 36. Qxb4 Qd3 37. Rc1 Qxe3+ 38. Kh2 Qf2+ 0-1

[Event "Reykjavik Open 2025"]
[Site "Reykjavik"]
[Date "2025.04.14"]
[Round "8.57"]
[White "Kukushkin, Ivan"]
[Black "Nissinen, Niilo Man"]
[Result "0-1"]
[WhiteElo "2030"]
[WhiteFideId "11634103"]
[BlackElo "2268"]
[BlackFideId "30950767"]
[Variant "Standard"]
[StudyName "ROpen 2025 - Rd8 - Board 45-108"]
1. e4 c5 2. Nf3 Nc6 3. Bb5 Nf6 4. Bxc6 dxc6 5. d3 Qc7 6. h3 e5 7. a4 Be7 8. b3 Be6 9. Bb2 Nd7 10. Nbd2 a5 11. Nc4 f6 12. Qd2 b6 13. Nh4 g6 14. g3 O-O-O 15. O-O-O Kb7 16. f4 b5 17. axb5 cxb5 18. Na3 Qb6 19. Nf3 Bd6 20. fxe5 Bxe5 21. Bxe5 fxe5 22. Ng5 Rhe8 23. Nxe6 Rxe6 24. Rhf1 a4 25. bxa4 Ra8 26. Nxb5 Rxa4 27. c4 Qa6 28. Qc3 Rf6 29. Rxf6 Qxf6 30. Qb3 Nb6 31. h4 Qf2 32. Rd2 Qe1+ 33. Kc2 Rb4 34. Qa2 Na4 35. Rd1 Qe3 36. Nc3 Rb2+ 37. Qxb2+ Nxb2 38. Kxb2 Qxg3 39. Nd5 Qxh4 40. Kc3 g5 41. Rb1+ Kc8 42. Ne7+ Kd7 43. Rb7+ Ke6 44. Nf5 Qe1+ 45. Kc2 g4 46. Rxh7 g3 47. Nxg3 Qxg3 48. Rh6+ Ke7 49. Ra6 Qf2+ 50. Kc3 Qe1+ 51. Kc2 Qe2+ 52. Kc3 Qd1 53. Rg6 Qc1+ 54. Kb3 Qd2 55. Rg3 Kd8 56. Rg8+ Kc7 57. Rg7+ Kd6 58. Rg6+ Ke7 59. Rg7+ Kf6 60. Rg3 Kf7 61. Ka3 Qb4+ 62. Ka2 Kf6 63. Rf3+ Kg5 64. Ka1 0-1

[Event "Reykjavik Open 2025"]
[Site "Reykjavik"]
[Date "2025.04.14"]
[Round "8.58"]
[White "Briem, Benedikt"]
[Black "Muench, Robert"]
[Result "1/2-1/2"]
[WhiteElo "2249"]
[WhiteFideId "2315432"]
[BlackElo "2027"]
[BlackFideId "4626028"]
[Variant "Standard"]
[StudyName "ROpen 2025 - Rd8 - Board 45-108"]
1. d4 Nf6 2. c4 e6 3. Nf3 d5 4. g3 dxc4 5. Bg2 Nc6 6. Qa4 Bb4+ 7. Bd2 Nd5 8. Qb5 O-O 9. Qxc4 Qe7 10. O-O Nb6 11. Bxb4 Qxb4 12. Qxb4 Nxb4 13. Nc3 a5 14. e4 Bd7 15. a3 Nc6 16. Rfe1 a4 17. d5 exd5 18. Nxd5 Nxd5 19. exd5 Nb8 20. Nd4 Ra5 21. Rac1 Na6 22. Re7 Rd8 23. d6 c6 24. Rce1 g6 25. Nf3 Be6 26. Rxb7 Rxd6 27. h4 Rb5 28. Rxb5 cxb5 29. Ng5 Bc4 30. Ne4 Rd4 31. g4 f5 32. gxf5 gxf5 33. Ng3 Rxh4 34. Nxf5 Rf4 35. Re8+ Kf7 36. Nd6+ Kg7 37. Rc8 Bd3 38. Bb7 b4 39. Rc6 bxa3 40. bxa3 Nb8 41. Rc7+ Kg6 42. Rc3 Rg4+ 43. Kh2 Bb1 44. Rc8 Rd4 45. Rd8 Bd3 46. f3 Na6 47. Be4+ Bxe4 48. fxe4 Kf6 49. Ne8+ Ke5 1/2-1/2